00451pab a2200145 454500008004000000100001800040245007500058260000900133300001600142362001100158650003600169650004400205650002200249773003400271180718b2007 xxu||||| |||| 00| 0 eng d aGuha, Abhijit aPeasant resistance in West Bengal a decade before Singur and Nandigram c2007 ap.3706-711. a15 Sep aPeasantry - India - West Bengal aAgricultural land - India - West Bengal aAgricultural land aEconomic and Political Weekly